000 00476nam a2200181Ia 4500
005 20250508162640.0
008 008 250505s9999 xx 000 0 eng d
037 _aTextual
040 _aFEDL
_beng
_cFEDL
041 _aeng
_2eng
084 _a657, GUP
_qFEDL
100 _aGupta R L
245 0 _aAdvanced accountancy : Theory, method and application Vol. 1
260 _c1988
300 _a277p.
942 _cTEXL
_h657, GUP
999 _c1377842
_d1377842